Statistics for Lord of the Rings and Middle Earth Trivia

Click here to take the quiz!

General Stats

  • This quiz has been taken 102 times
  • The average score is 12 of 20

Answer Stats

HintAnswer% Correct
Which is furthest south: Gondor, Isengard, Lothlorien, or Rohan?Gondor
89%
Which prominent character is actually a demi-god?Gandalf
84%
From which species did the first orcs devolve?Elves
81%
Fallohides, Harfoots, and Stoors are all breeds of what?Hobbit
81%
What is often referred to as "Isildur's Bane"?The Ring
81%
How old was Frodo when his quest began?50
80%
Name one of Galadriel and Celeborn's granddaughters.Arwen
75%
Which plant has multiple healing properties, including staving off a wraith-wound?Athelas
73%
What is the Elvish name for the primary river that flows through both Rohan and Gondor?Anduin
68%
Who is the in-verse ultimate creator God of the Middle-Earthian cosmos?Eru Illuvatar
65%
What was the name of the Fellowship's guide in Lothlorien?Haldir
64%
Who is blessed with "Healing Hands"?Aragorn
58%
Who is commonly referred to as "Gaffer"?Hamfast Gamgee
58%
Who had a father that became, for most intents and purposes, one of the stars in the sky?Elrond
56%
To which breed of horse does Shadowfax belong?Mearas
56%
What is the Elvish name of the entire world which contains Middle Earth and Valinor?Arda
49%
In which cavern did Gimli start a dwarf colony after the war?The Glittering Caves
36%
Which otherwise non-magical character occasionally has prophetic dreams?Faramir
32%
What sound awakened Legolas's desire to sail to the Undying Lands?Seagulls
29%
Where did Legolas live after leaving Mirkwood, but before going to Valinor?Ithilien
27%

Score Distribution

Percentile by Number Answered

Percent of People with Each Score

Your Score History

You have not taken this quiz